New Zealand Rugby All Blacks - Most tests aged 30 or older - Statistics

General Stats
  • This quiz has been taken 201 times
    54 since last reset
  • The average score is 11 of 16
Answer Stats
Tests Player % Correct
54 Richard McCaw
100%
38 Kieran Read
90%
67 Keven Mealamu
85%
31 Ben Smith
83%
41 Conrad Smith
83%
44 Tony Woodcock
77%
37 Ma'a Nonu
75%
43 Sean Fitzpatrick
73%
47 Brad Thorn
69%
49 Andrew Hore
65%
33 Jerome Kaino
63%
30 Zinzan Brooke
50%
30 Robin Brooke
48%
55 Frank Bunce
46%
54 Wyatt Crockett
35%
35 Richard Loe
29%
No matching quizzes found
Score Distribution
Percent of People with Each Score
Percentile by Number Answered
Your Score History
You have not taken this quiz since the last reset